000 00930nam a2200277Ia 4500
003 OSt
005 20221005111250.0
006 a|||||r|||| 00| 0
007 ta
008 221004b |||||||| |||| 00| 0 hin d
020 _a9789387409743 (hbk)
_cINR 400.00
024 _a42581
037 _bGV/792, 21/02/2019, Vani Prakashan
_cTextual
040 _aCRL
_cCRL
_bhin
041 _2hin
_ahin
082 _aP152, Q7
100 _aब्रजमोहन, ले.
245 0 _aनागरी लिपि
246 _aNāgarī lipi
260 _aनई दिल्ली
_bवाणी प्रकाशन भारत
_c2017
300 _a192पृ0
_ccm.
650 _a भाषाशास्त्र
650 _aहिन्दी साहित्य
942 _hP152, Q7
_cTEXL
_2cc
999 _c1021305
_d1021305